Programa general de las materias de que han de examinarse los empleados del ramo de Correos con arreglo a la Real Orden de 27 de setiembre de 1876 : (Record no. 160583)
[ view plain ]
| 000 -LEADER | |
|---|---|
| campo de control de longitud fija | 01077nam a22002055i 4500 |
| 001 - NÚMERO DE CONTROL | |
| campo de control | 160583 |
| 003 - IDENTIFICADOR DE NÚMERO DE CONTROL | |
| campo de control | ES-MaACL |
| 005 - FECHA Y HORA DE LA ÚLTIMA TRANSACCIÓN | |
| campo de control | 20250718063333.0 |
| 008 - DATOS DE LONGITUD FIJA--INFORMACIÓN GENERAL | |
| campo de control de longitud fija | 040928s1876 sp |||| | spa d |
| 100 1# - ENTRADA PRINCIPAL--NOMBRE DE PERSONA | |
| Nombre de persona | Navasqüés, Emilio C. de |
| Término indicativo de función/relación | Autor |
| 9 (RLIN) | 130422 |
| 245 10 - MENCIÓN DEL TÍTULO | |
| Título | Programa general de las materias de que han de examinarse los empleados del ramo de Correos con arreglo a la Real Orden de 27 de setiembre de 1876 : |
| Resto del título | contestaciones a las preguntas sobre tarifa nacional y extranjera, órdenes vigentes, sobre el especial servicio de certificados... / |
| Mención de responsabilidad, etc. | por Emilio C. de Navasqüés. |
| 260 ## - PUBLICACIÓN, DISTRIBUCIÓN, ETC. | |
| Lugar de publicación, distribución, etc. | Madrid : |
| Nombre del editor, distribuidor, etc. | [s.n.], |
| Fecha de publicación, distribución, etc. | 1876 |
| Fabricante | (Imp. de Manuel G. Hernández) |
| 300 ## - DESCRIPCIÓN FÍSICA | |
| Extensión | 79 páginas ; |
| Dimensiones | 22 cm. |
| 650 #4 - PUNTO DE ACCESO ADICIONAL DE MATERIA--TÉRMINO DE MATERIA | |
| Término de materia o nombre geográfico como elemento de entrada | Carteros- |
| Subdivisión geográfica | España |
| 9 (RLIN) | 10803 |
| 650 #4 - PUNTO DE ACCESO ADICIONAL DE MATERIA--TÉRMINO DE MATERIA | |
| Término de materia o nombre geográfico como elemento de entrada | Correos- |
| Subdivisión geográfica | España- |
| Subdivisión cronológica | S.XIX |
| 9 (RLIN) | 167498 |
| 852 ## - LOCALIZACIÓN | |
| Ubicación | ES-MaACL |
| Ubicación en estantería | Depósito folletos |
| Partes que faltan | Ejemplar falto de cub. original |
| Anotaciones manuscritas | An.ms.: Regalo de Antonio Escobar, 1878 |
| Donativo/Legado | Donativo de Antonio Escobar Laredo |
| Número de control de estantería | T-271-F-8 |
| Encuadernación | Enc. en un vol. facticio |
| -- | Holandesa |
| 942 ## - ELEMENTOS DE ENTRADA SECUNDARIOS (KOHA) | |
| Fuente del sistema de clasificación o colocación | Clasificación decimal universal |
| Tipo de ítem Koha | Folleto |
| Suprimir en OPAC | No |
| Estatus retirado | Estado de pérdida | Fuente del sistema de clasificación o colocación | Estado de daño | No para préstamo | Colección | Biblioteca de origen | Biblioteca actual | Ubicación en estantería | Fecha de adquisición | Fuente de adquisición | Total de préstamos | Signatura topográfica completa | Código de barras | Visto por última vez | Tipo de ítem Koha |
|---|---|---|---|---|---|---|---|---|---|---|---|---|---|---|---|
| Clasificación decimal universal | Colección de folletos | Biblioteca del Ateneo de Madrid | Biblioteca del Ateneo de Madrid | Depósito folletos | 17/01/2008 | Donación | T-271-F-8 | 1168143 | 23/02/2023 | Folleto |
